Diseases: Virus... or Bacteria? - Statistics

General Stats
  • This quiz has been taken 38,785 times
    37,831 since last reset
  • The average score is 13 of 18
Answer Stats
Question Answer % Correct
Covid-19 Virus
98%
Influenza Virus
91%
Cholera Bacteria
85%
Common cold Virus
81%
Tetanus (lockjaw) Bacteria
78%
Smallpox Virus
77%
Ebola Virus
76%
Measles Virus
75%
Chlamydia Bacteria
71%
Legionnaire's disease Bacteria
71%
Bubonic plague Bacteria
67%
Leprosy Bacteria
67%
Herpes Virus
67%
Rabies Virus
64%
Tuberculosis Bacteria
61%
Lyme disease Bacteria
58%
Anthrax Bacteria
58%
Syphilis Bacteria
57%
No matching quizzes found
Score Distribution
Percent of People with Each Score
Percentile by Number Answered
Your Score History
You have not taken this quiz since the last reset